Statistiques concernant Personnages Clan Uzumaki ( Naruto / Boruto )

Cliquez ici pour prendre le quiz!

Statistiques générales

  • Ce quiz a été pris 79 fois
  • Le résultat moyen est 7 sur 10

Statistiques - réponses

Réponse% Correct
Boruto
100%
Naruto
100%
Kushina
94%
Nagato
93%
Karin
91%
Himawari
85%
Mito
49%
Menma
28%
Ashina
9%
Fuso
6%

Distribution des résultats

Percentile par nombre de réponses

% des personnes avec chaque résultat

Votre développement - résultats

Vous n’avez pas pris ce quiz